000 00682nam a2200205Ia 4500
005 20220214143623.0
008 210716s2009 xx 000 0 und d
020 _a9780070660007
040 _cAIMIT LIBRARY
041 _aeng
082 _a658.802
_21
_bDOGB
100 _aDogra, Balram.
_919719
245 _aRural marketing:
_bconcepts and practices /
_cBy Balram Dogra and Karminder Ghuman.
250 _a1st ed.
260 _aNew Delhi :
_bTata McGraw Hill Publishing Company Ltd ,
_c2009.
300 _aXiv, 352p. ;
_c24 cm.
650 _aMarketing strategies for Indian rural market
_919720
700 _aGhuman, Karminder.
_919721
942 _2ddc
_cBK
_e1st
_k658.802 DOGB
999 _c201891
_d201891